000 00353nam a2200169Ia 4500
100 _aJoshi/P.H
650 _aJigs and fixtures
250 _a3
942 _cBK
366 _f20
245 _aJigs and Fixtures
260 _bTata Mc Graw hill Ltd.
_c2011
082 _a621.992
_bJOS
300 _a276
546 _aENGLISH
_cInfo.Tech
999 _c35241
_d35241